Roll up the beige carpet (Record no. 117303)

MARC details
000 -LEADER
fixed length control field 01142cam a2200229 4500
001 - CONTROL NUMBER
control field ABS67740
008 - FIXED-LENGTH DATA ELEMENTS--GENERAL INFORMATION
fixed length control field 040506n2004 000 0 eng u
035 ## - SYSTEM CONTROL NUMBER
System control number (Sirsi) u126113
100 ## - MAIN ENTRY--PERSONAL NAME
Personal name Lane, T.
245 ## - TITLE STATEMENT
Title Roll up the beige carpet
260 ## - PUBLICATION, DISTRIBUTION, ETC.
Date of publication, distribution, etc. 2004
490 ## - SERIES STATEMENT
Series statement Building
Volume/sequential designation 269(8326) 2 April 2004, 54-55(2)
520 ## - SUMMARY, ETC.
Summary, etc. Describes how many offices could be experiencing a technological revolution in the way they work due to the introduction of new IT. People will be able to access corporate information in various places outside of the workplace such as public transport. This could lead to more challenges for designers to create buildings that people wish to visit, with spaces that encourage interaction and collaboration between workers. Further discusses the possibilities that large centralised offices may eventually disappear and be replaced by smaller satellite offices nearer to where people live.
590 ## - LOCAL NOTE (RLIN)
Local note ABS
590 ## - LOCAL NOTE (RLIN)
Local note ABS
650 ## - SUBJECT ADDED ENTRY--TOPICAL TERM
Topical term or geographic name entry element OFFICE DESIGN
650 ## - SUBJECT ADDED ENTRY--TOPICAL TERM
Topical term or geographic name entry element OFFICE DEVELOPMENT
650 ## - SUBJECT ADDED ENTRY--TOPICAL TERM
Topical term or geographic name entry element WIRELESS TECHNOLOGY
650 ## - SUBJECT ADDED ENTRY--TOPICAL TERM
Topical term or geographic name entry element TENANT DEMAND
690 ## - LOCAL SUBJECT ADDED ENTRY--TOPICAL TERM (OCLC, RLIN)
Topical term or geographic name as entry element INFORMATION TECHNOLOGY
942 ## - ADDED ENTRY ELEMENTS (KOHA)
Suppress in OPAC 0
Holdings
Withdrawn status Lost status Source of classification or shelving scheme Damaged status Not for loan Home library Current library Shelving location Date acquired Total Checkouts Full call number Barcode Date last seen Copy number Price effective from Koha item type
    Dewey Decimal Classification     London London Journal article 06/05/2004   ABS67740 126113-1001 06/08/2019 1 06/08/2019 Journal article